000 00238nam a2200097Ia 4500
008 240625s9999 xx 000 0 und d
041 _aeng
100 _aKRAJEWSKI LEE J
245 _aOPERATIONS MANAGEMENT STRATEGY AND ANALY
260 _c2002
999 _c33125
_d33125